000 00439 a2200157 4500
999 _c10079
_d10079
020 _a3896453203
050 _aKF4750PET 2012
100 _aPeter Maina Chris
_eauthor
245 _aHuman rights in Tanzania /
_bSelected cases and Material :
_cChris Maina Peter
264 _aGermany :
_bRicharz,
_c1977
300 _a881p .:
500 _aIncludes index
650 _aHuman Rights
651 _aTanzania
942 _2lcc
_cBK
_h4750
_iPET
_kKF